000 00596nam a2200181 i 4500
001 35616
003 ES-MaACL
005 20230906155151.0
008 030213s1972 sp |||| | spa d
100 1 _aBowra, C. M.
_931155
245 1 3 _aLa imaginación romántica /
_cC.M. Bowra ; versión española de José Antonio Balbontín.
260 _aMadrid :
_bTaurus,
_c[1972]
300 _a313 p. ;
_c21 cm.
650 4 _aRomanticismo (Literatura)-
_zGran Bretaña.
_9161207
700 1 _aBalbontín, José Antonio,
_d1893-1977
_924853
852 _aES-MaACL
_jC-48879
999 _c35616
_d35616